[Event "SV Heiden 2 - SK Dülmen 2"]
[Site "Verbandsklasse, Gr. 1 2022/20"]
[Date "2022.10.29"]
[Round "2.1"]
[White "Stein, Michael"]
[Black "Wienen, Josef"]
[Result "1/2-1/2"]
[WhiteElo "1674"]
[BlackElo "1592"]
[PlyCount "38"]
[EventDate "2022.??.??"]
[SourceTitle "Verband Muensterland"]
[SourceDate "2022.10.26"]
[SourceVersion "1"]
[SourceVersionDate "2022.10.26"]
[SourceQuality "1"]
[WhiteTeam "SK Dülmen 2"]
[BlackTeam "SV Heiden 2"]

1. e4 g6 2. d4 d6 3. Nc3 Bg7 4. Be3 c6 5. Nge2 Nf6 6. h3 Nbd7 7. g3 e5 8. Bg2
O-O 9. O-O a5 10. Qd2 Re8 11. Rad1 b5 12. dxe5 dxe5 13. Kh2 Bf8 14. Bg5 Be7 15.
h4 Qc7 16. f3 Bb7 17. Bh3 Rad8 18. Qc1 b4 19. Na4 Ba6 1/2-1/2

[Event "SV Heiden 2 - SK Dülmen 2"]
[Site "Verbandsklasse, Gr. 1 2022/20"]
[Date "2022.10.29"]
[Round "2.2"]
[White "Dolle, Stefan"]
[Black "Doehler, Thorsten"]
[Result "0-1"]
[WhiteElo "1817"]
[BlackElo "1748"]
[PlyCount "78"]
[EventDate "2022.??.??"]
[SourceTitle "Verband Muensterland"]
[SourceDate "2022.10.26"]
[SourceVersion "1"]
[SourceVersionDate "2022.10.26"]
[SourceQuality "1"]
[WhiteTeam "SV Heiden 2"]
[BlackTeam "SK Dülmen 2"]

1. d4 Nf6 2. c4 e5 3. dxe5 Ng4 4. Qd4 d6 5. exd6 Bxd6 6. Nf3 O-O 7. h3 Nc6 8.
Qd1 Nxf2 9. Bg5 Nxd1 10. Bxd8 Ne3 11. Kd2 Nxf1+ 12. Rxf1 Rxd8 13. Nc3 Ne5 14.
Nxe5 Bxe5+ 15. Kc2 Be6 16. b3 Rd7 17. Rad1 Bxc3 18. Kxc3 Rad8 19. Rd3 Kf8 20.
a3 Rxd3+ 21. exd3 Bc8 22. d4 Rd6 23. b4 Ke7 24. Rf3 f5 25. a4 Rg6 26. g3 Rf6
27. Kd3 g5 28. d5 Ra6 29. a5 b6 30. Kd4 bxa5 31. b5 Rh6 32. Re3+ Kd8 33. Ra3 a6
34. Rxa5 axb5 35. Rxb5 Rxh3 36. Rb8 Rxg3 37. c5 Rg4+ 38. Ke5 Re4+ 39. Kf6 g4
0-1

[Event "SV Heiden 2 - SK Dülmen 2"]
[Site "Verbandsklasse, Gr. 1 2022/20"]
[Date "2022.10.29"]
[Round "2.3"]
[White "Reufer, Berthold"]
[Black "Wichert, Michael"]
[Result "0-1"]
[WhiteElo "1621"]
[BlackElo "1712"]
[PlyCount "86"]
[EventDate "2022.??.??"]
[SourceTitle "Verband Muensterland"]
[SourceDate "2022.10.26"]
[SourceVersion "1"]
[SourceVersionDate "2022.10.26"]
[SourceQuality "1"]
[WhiteTeam "SK Dülmen 2"]
[BlackTeam "SV Heiden 2"]

1. e4 e6 2. d4 d5 3. exd5 exd5 4. Bd3 Nf6 5. Bg5 Bd6 6. Nf3 O-O 7. O-O h6 8.
Bxf6 Qxf6 9. c3 Nd7 10. Nbd2 c5 11. Qc2 c4 12. Bf5 Nb6 13. Bxc8 Raxc8 14. Rfe1
Rfe8 15. Rxe8+ Rxe8 16. Re1 Rxe1+ 17. Nxe1 Qe6 18. Nef3 g6 19. g3 Nd7 20. b3 b5
21. bxc4 bxc4 22. Kg2 Nb6 23. Nf1 f5 24. Ne3 Kf7 25. Qb2 f4 26. Nf1 Kg7 27. Qb5
g5 28. Kg1 g4 29. Nh4 Be7 30. Ng2 fxg3 31. hxg3 Bg5 32. Nge3 h5 33. Qa6 Qd7 34.
Nf5+ Qxf5 35. Qxa7+ Nd7 36. a4 h4 37. Qb7 h3 38. a5 Kg6 39. Qc8 Qf3 40. Qg8+
Kf6 41. Qd8+ Ke6 42. Qg8+ Kd6 43. Qg6+ Kc7 0-1

[Event "SV Heiden 2 - SK Dülmen 2"]
[Site "Verbandsklasse, Gr. 1 2022/20"]
[Date "2022.10.29"]
[Round "2.4"]
[White "Buchner, Ralf"]
[Black "Wilms, Gerwin"]
[Result "1/2-1/2"]
[WhiteElo "1651"]
[BlackElo "1582"]
[PlyCount "35"]
[EventDate "2022.??.??"]
[SourceTitle "Verband Muensterland"]
[SourceDate "2022.10.26"]
[SourceVersion "1"]
[SourceVersionDate "2022.10.26"]
[SourceQuality "1"]
[WhiteTeam "SV Heiden 2"]
[BlackTeam "SK Dülmen 2"]

1. d4 d5 2. Nf3 e6 3. Bf4 Bd6 4. Bxd6 Qxd6 5. Nc3 Nf6 6. e3 a6 7. Be2 Nbd7 8.
O-O c5 9. b3 b5 10. dxc5 Qxc5 11. Qd4 Bb7 12. Qxc5 Nxc5 13. b4 Ncd7 14. Rfc1
Rc8 15. Nd1 Nb6 16. Nb2 Ke7 17. a4 Nc4 18. Nd3 1/2-1/2

[Event "SV Heiden 2 - SK Dülmen 2"]
[Site "Verbandsklasse, Gr. 1 2022/20"]
[Date "2022.10.29"]
[Round "2.5"]
[White "Krimphove, Martin"]
[Black "Sicking, Andreas"]
[Result "0-1"]
[WhiteElo "1568"]
[BlackElo "1602"]
[PlyCount "58"]
[EventDate "2022.??.??"]
[SourceTitle "Verband Muensterland"]
[SourceDate "2022.10.26"]
[SourceVersion "1"]
[SourceVersionDate "2022.10.26"]
[SourceQuality "1"]
[WhiteTeam "SK Dülmen 2"]
[BlackTeam "SV Heiden 2"]

1. d4 b6 2. c4 e6 3. Nc3 Bb7 4. e3 Nf6 5. Nf3 Be7 6. Bd3 c5 7. O-O cxd4 8. exd4
O-O 9. Re1 d5 10. b3 Qc7 11. Bb2 dxc4 12. Bxc4 Rd8 13. Qe2 Bb4 14. h3 Qf4 15.
Bc1 Bxf3 16. Qc2 Qxd4 17. Bb2 Qc5 18. gxf3 b5 19. Ne4 Nxe4 20. Rxe4 bxc4 21.
Rxc4 Qb5 22. Qe4 Na6 23. Qg4 Bf8 24. Rac1 Rd2 25. R4c2 Qe2 26. Rxd2 Qxd2 27.
Rc6 Nb4 28. Rc4 Qxb2 29. Rxb4 Bxb4 0-1

[Event "SV Heiden 2 - SK Dülmen 2"]
[Site "Verbandsklasse, Gr. 1 2022/20"]
[Date "2022.10.29"]
[Round "2.6"]
[White "Spoeler, Gerd"]
[Black "Ulunque Villazon, Humberto"]
[Result "1/2-1/2"]
[WhiteElo "1640"]
[BlackElo "1618"]
[PlyCount "48"]
[EventDate "2022.??.??"]
[SourceTitle "Verband Muensterland"]
[SourceDate "2022.10.26"]
[SourceVersion "1"]
[SourceVersionDate "2022.10.26"]
[SourceQuality "1"]
[WhiteTeam "SV Heiden 2"]
[BlackTeam "SK Dülmen 2"]

1. d4 d5 2. c4 Nf6 3. Nc3 e6 4. Bg5 Be7 5. Nf3 c6 6. e3 h6 7. Bh4 O-O 8. Bd3
Nbd7 9. a3 a5 10. c5 b6 11. b4 Ba6 12. O-O Bxd3 13. Qxd3 b5 14. h3 Qb8 15. Ne5
Qb7 16. Nf3 Ra7 17. Ra2 Rfa8 18. Rfa1 Bd8 19. Bxf6 Bxf6 20. Nd2 e5 21. Nb3 a4
22. Nd2 exd4 23. exd4 Re8 24. Nf3 Nf8 1/2-1/2

[Event "SV Heiden 2 - SK Dülmen 2"]
[Site "Verbandsklasse, Gr. 1 2022/20"]
[Date "2022.10.29"]
[Round "2.7"]
[White "Sindermann, Erwin"]
[Black "Schulze Forsthoevel, Manfred"]
[Result "1/2-1/2"]
[WhiteElo "1698"]
[BlackElo "1491"]
[PlyCount "44"]
[EventDate "2022.??.??"]
[SourceTitle "Verband Muensterland"]
[SourceDate "2022.10.26"]
[SourceVersion "1"]
[SourceVersionDate "2022.10.26"]
[SourceQuality "1"]
[WhiteTeam "SK Dülmen 2"]
[BlackTeam "SV Heiden 2"]

1. e4 Nf6 2. e5 Nd5 3. d4 d6 4. Nf3 Bg4 5. Be2 g6 6. O-O Bg7 7. h3 Bd7 8. c4
Nb6 9. Nc3 dxe5 10. Nxe5 Nc6 11. f4 O-O 12. c5 Nc8 13. Bf3 e6 14. Be3 N8e7 15.
a3 Rb8 16. b4 a6 17. Rc1 Nxe5 18. dxe5 Bc6 19. Ne4 Bxe4 20. Bxe4 c6 21. Qe2 Nd5
22. Rfd1 Qh4 1/2-1/2

[Event "SV Heiden 2 - SK Dülmen 2"]
[Site "Verbandsklasse, Gr. 1 2022/20"]
[Date "2022.10.29"]
[Round "2.8"]
[White "Blobel, Tobias"]
[Black "Wilhelm, Valeri"]
[Result "1-0"]
[WhiteElo "1661"]
[BlackElo "1402"]
[PlyCount "61"]
[EventDate "2022.??.??"]
[SourceTitle "Verband Muensterland"]
[SourceDate "2022.10.26"]
[SourceVersion "1"]
[SourceVersionDate "2022.10.26"]
[SourceQuality "1"]
[WhiteTeam "SV Heiden 2"]
[BlackTeam "SK Dülmen 2"]

1. d4 d5 2. c4 f5 3. cxd5 Qxd5 4. Nc3 Qd8 5. Nf3 Nf6 6. e3 e6 7. Bd3 Be7 8. Qc2
O-O 9. O-O c6 10. Qb3 Nd5 11. Nxd5 cxd5 12. Bd2 a6 13. Rac1 Nc6 14. a3 h6 15.
h3 Kh8 16. Nh2 Bg5 17. f4 Be7 18. Be2 Rf6 19. Nf3 Kh7 20. Be1 Rf8 21. Kh1 g5
22. fxg5 hxg5 23. Bg3 Kg6 24. Ne5+ Nxe5 25. Bxe5 Bd6 26. Bxd6 Qxd6 27. Kg1 b5
28. Qc2 e5 29. Qc6 Rf6 30. Qxa8 exd4 31. Qxc8 1-0

[Event "Indische Dame Münster 1 - SC Hiltrup 1"]
[Site "Verbandsklasse, Gr. 1 2022/20"]
[Date "2022.10.29"]
[Round "2.2"]
[White "Frie, Michael"]
[Black "Buchholz, Christian"]
[Result "1/2-1/2"]
[WhiteElo "1836"]
[BlackElo "1729"]
[PlyCount "68"]
[EventDate "2022.??.??"]
[SourceTitle "Verband Muensterland"]
[SourceDate "2022.10.26"]
[SourceVersion "1"]
[SourceVersionDate "2022.10.26"]
[SourceQuality "1"]
[WhiteTeam "Indische Dame Münster 1"]
[BlackTeam "SC Hiltrup 1"]

1. e4 c5 2. Nc3 d6 3. g3 Nc6 4. Bg2 e5 5. d3 Nf6 6. Nge2 Be7 7. O-O O-O 8. f4
Nd4 9. f5 a6 10. h3 b5 11. g4 h6 12. Ng3 Nh7 13. Nd5 Bg5 14. Ne3 Bb7 15. c3 Nc6
16. Qe2 Rc8 17. Nh5 Nb8 18. b3 Nd7 19. Nd5 Bxd5 20. exd5 Re8 21. Be4 Ndf6 22.
Ng3 Qb6 23. Kg2 Bxc1 24. Rfxc1 Ng5 25. h4 Ngxe4 26. dxe4 c4 27. b4 a5 28. a3
axb4 29. axb4 Ra8 30. g5 Nd7 31. gxh6 gxh6 32. Nh5 Kh7 33. Kh3 Rxa1 34. Rxa1
Rg8 1/2-1/2

[Event "Indische Dame Münster 1 - SC Hiltrup 1"]
[Site "Verbandsklasse, Gr. 1 2022/20"]
[Date "2022.10.29"]
[Round "2.4"]
[White "Tenberge, Norbert"]
[Black "Vera, Antonio"]
[Result "1-0"]
[WhiteElo "1778"]
[BlackElo "1648"]
[PlyCount "107"]
[EventDate "2022.??.??"]
[SourceTitle "Verband Muensterland"]
[SourceDate "2022.10.26"]
[SourceVersion "1"]
[SourceVersionDate "2022.10.26"]
[SourceQuality "1"]
[WhiteTeam "Indische Dame Münster 1"]
[BlackTeam "SC Hiltrup 1"]

1. d4 d5 2. c4 e6 3. Nc3 Nf6 4. e3 Be7 5. Nf3 O-O 6. b3 c5 7. Be2 cxd4 8. exd4
Bb4 9. Bd2 Bxc3 10. Bxc3 Ne4 11. Qc2 Nxc3 12. Qxc3 b6 13. c5 Ba6 14. Bxa6 Nxa6
15. b4 b5 16. O-O Nc7 17. Rfe1 f6 18. Re2 Re8 19. a4 a6 20. Rea2 Qd7 21. a5 Re7
22. Re2 Rae8 23. Rae1 Rf7 24. Nd2 Rfe7 25. f4 Qc8 26. Qg3 Qd7 27. Nb3 Qc6 28.
Nc1 Kf7 29. Nd3 g6 30. Qf3 Rg8 31. g4 g5 32. fxg5 Rxg5 33. Ne5+ Rxe5 34. Rxe5
Kg7 35. Rf1 Rf7 36. Rg5+ Kh8 37. Rh5 Qe8 38. Rh6 f5 39. Qf4 Qf8 40. Qe5+ Kg8
41. g5 Qe7 42. h4 Rg7 43. Kh2 Kf8 44. Qf6+ Qxf6 45. Rxf6+ Ke7 46. Re1 Rg6 47.
Rxf5 h6 48. h5 Rxg5 49. Rxg5 hxg5 50. Kg3 Kf6 51. Kg4 Ne8 52. Rf1+ Kg7 53. Kxg5
Kh7 54. c6 1-0

[Event "Indische Dame Münster 1 - SC Hiltrup 1"]
[Site "Verbandsklasse, Gr. 1 2022/20"]
[Date "2022.10.29"]
[Round "2.5"]
[White "May, Peter"]
[Black "Glotzbach, Thomas"]
[Result "0-1"]
[WhiteElo "1598"]
[BlackElo "1777"]
[PlyCount "180"]
[EventDate "2022.??.??"]
[SourceTitle "Verband Muensterland"]
[SourceDate "2022.10.26"]
[SourceVersion "1"]
[SourceVersionDate "2022.10.26"]
[SourceQuality "1"]
[WhiteTeam "SC Hiltrup 1"]
[BlackTeam "Indische Dame Münster 1"]

1. e4 e6 2. d4 d5 3. Nd2 dxe4 4. Nxe4 Nd7 5. Nf3 Ngf6 6. Bd3 Nxe4 7. Bxe4 Nf6
8. Bd3 Be7 9. Be3 O-O 10. c3 b6 11. Qe2 Bb7 12. O-O-O a5 13. g4 Qd5 14. Ne5
Qxa2 15. Bc4 Qa1+ 16. Kc2 Be4+ 17. Nd3 Qa4+ 18. Bb3 Qc6 19. Rhg1 Bf3 20. Qd2 a4
21. Ba2 Bxd1+ 22. Qxd1 Nd5 23. Ne5 Nxe3+ 24. fxe3 Qe4+ 25. Kc1 Qxe3+ 26. Kb1
Bh4 27. Rf1 Ra5 28. Rf3 Qe4+ 29. Ka1 Rxe5 30. dxe5 Rd8 31. Qf1 Qe1+ 32. Qxe1
Bxe1 33. h3 Rd1+ 34. Bb1 Bh4 35. Ka2 Rd5 36. Re3 Bg5 37. Re4 Ra5 38. Ka3 Be7+
39. Ka2 c5 40. Bc2 b5 41. Re2 b4 42. Bd1 Kf8 43. Rd2 Bg5 44. Rd7 Ke8 45. Rb7
b3+ 46. Kb1 c4 47. Rb8+ Ke7 48. Rb7+ Kd8 49. Rxf7 Rxe5 50. Rf1 Kc7 51. Bf3 Re3
52. Bg2 Re2 53. Bh1 Rh2 54. Bf3 Rxh3 55. Be2 a3 56. Bxc4 axb2 57. Kxb2 Bf6 58.
Kxb3 Rxc3+ 59. Kb4 Re3 60. g5 Bc3+ 61. Ka4 Kd6 62. Rf7 Rg3 63. Ra7 Rxg5 64.
Ra6+ Kc5 65. Bxe6 Rg3 66. Kb3 Bb4+ 67. Kc2 h5 68. Ra8 g5 69. Rg8 Kd4 70. Bc8
Bd6 71. Kd2 Rg2+ 72. Ke1 Ke3 73. Re8+ Kf4 74. Kf1 Rb2 75. Re2 Rb1+ 76. Kg2 Bc5
77. Bd7 Rg1+ 78. Kh2 Rd1 79. Bc6 Be3 80. Bb7 h4 81. Kh3 Rg1 82. Kh2 Rb1 83. Bc6
g4 84. Kg2 h3+ 85. Kh2 Rb6 86. Ba8 Re6 87. Ra2 g3+ 88. Kh1 Bc1 89. Ra4+ Kg5 90.
Ra5+ Kf6 0-1

[Event "Indische Dame Münster 1 - SC Hiltrup 1"]
[Site "Verbandsklasse, Gr. 1 2022/20"]
[Date "2022.10.29"]
[Round "2.6"]
[White "Wichmann, Norbert"]
[Black "Schmidt, Juergen"]
[Result "1-0"]
[WhiteElo "1720"]
[BlackElo "1636"]
[PlyCount "119"]
[EventDate "2022.??.??"]
[SourceTitle "Verband Muensterland"]
[SourceDate "2022.10.26"]
[SourceVersion "1"]
[SourceVersionDate "2022.10.26"]
[SourceQuality "1"]
[WhiteTeam "Indische Dame Münster 1"]
[BlackTeam "SC Hiltrup 1"]

1. d4 Nf6 2. c4 c5 3. d5 Ne4 4. Nf3 g6 5. e3 Bg7 6. Bd3 Qa5+ 7. Nbd2 Nd6 8. O-O
O-O 9. e4 b5 10. cxb5 Nxb5 11. Nc4 Qd8 12. Be3 d6 13. a4 Nd4 14. Nxd4 cxd4 15.
Bd2 Nd7 16. b4 Ne5 17. Nxe5 dxe5 18. Rc1 f5 19. Qc2 Bd7 20. Qc7 Bxa4 21. Qxd8
Raxd8 22. Rc7 fxe4 23. Bxe4 Bb5 24. Ra1 a6 25. Rxe7 Rf7 26. Rxf7 Kxf7 27. Rc1
Rd7 28. h4 Bf6 29. g3 Bd8 30. Rc8 Be7 31. Kg2 Rd8 32. Rc7 Rd7 33. Rxd7 Bxd7 34.
h5 Bf5 35. hxg6+ hxg6 36. Kf3 Kf6 37. g4 Bd7 38. Kg3 g5 39. Bd3 Bc8 40. Kf3 Kf7
41. Be2 Bf6 42. Ke4 Ke7 43. b5 axb5 44. Bb4+ Kd8 45. Bxb5 Bxg4 46. Bd6 Bd7 47.
Bc4 g4 48. Bxe5 Bh4 49. Bxd4 g3 50. f4 Bg4 51. Bf1 Ke7 52. Be5 Bd1 53. f5 Bc2+
54. Kf4 Bf6 55. d6+ Kf7 56. Bc4+ Kg7 57. d7 Bxe5+ 58. Kxe5 g2 59. d8=Q g1=Q 60.
Qg8+ 1-0

[Event "Indische Dame Münster 1 - SC Hiltrup 1"]
[Site "Verbandsklasse, Gr. 1 2022/20"]
[Date "2022.10.29"]
[Round "2.7"]
[White "Jeromin, Rudolf Gustav"]
[Black "Ter Veen, Michael"]
[Result "1-0"]
[WhiteElo "1567"]
[BlackElo "1645"]
[PlyCount "70"]
[EventDate "2022.??.??"]
[SourceTitle "Verband Muensterland"]
[SourceDate "2022.10.26"]
[SourceVersion "1"]
[SourceVersionDate "2022.10.26"]
[SourceQuality "1"]
[WhiteTeam "SC Hiltrup 1"]
[BlackTeam "Indische Dame Münster 1"]

1. e4 c5 2. Nf3 g6 3. Bc4 a6 4. a4 Bg7 5. Nc3 Nc6 6. d3 e6 7. Be3 b6 8. d4 cxd4
9. Nxd4 Nge7 10. Qd2 O-O 11. f4 Nxd4 12. Bxd4 Qc7 13. Bxg7 Kxg7 14. Bb3 Bb7 15.
h4 f5 16. e5 h5 17. Rh3 Rfd8 18. Rd3 Bc6 19. Rd1 Kf7 20. Rd6 Re8 21. Qf2 Qb7
22. Qg3 Rac8 23. R1d2 Rc7 24. Qg5 Ng8 25. R6d3 b5 26. Rg3 Ne7 27. Qf6+ Kg8 28.
Bxe6+ dxe6 29. Qxe6+ Kg7 30. Rd6 Qc8 31. Qf6+ Kh7 32. Qf7+ Kh8 33. Rdxg6 Nxg6
34. Qxg6 Ree7 35. Qf6+ Rg7 1-0

[Event "Indische Dame Münster 1 - SC Hiltrup 1"]
[Site "Verbandsklasse, Gr. 1 2022/20"]
[Date "2022.10.29"]
[Round "2.8"]
[White "Brakel, Stefan"]
[Black "Voigt, Hartmut"]
[Result "0-1"]
[WhiteElo "1572"]
[BlackElo "1528"]
[PlyCount "68"]
[EventDate "2022.??.??"]
[SourceTitle "Verband Muensterland"]
[SourceDate "2022.10.26"]
[SourceVersion "1"]
[SourceVersionDate "2022.10.26"]
[SourceQuality "1"]
[WhiteTeam "Indische Dame Münster 1"]
[BlackTeam "SC Hiltrup 1"]

1. e4 d5 2. exd5 Qxd5 3. Nc3 Qd6 4. Bc4 Nf6 5. d3 Bg4 6. Nf3 a6 7. a4 Nc6 8. h3
Bh5 9. g4 Bg6 10. Be3 e6 11. Qd2 Be7 12. Bf4 e5 13. Bg3 Nd7 14. O-O f6 15. Rfe1
O-O-O 16. Nb5 axb5 17. axb5 Ncb8 18. Nd4 Qxd4 19. c3 Qb6 20. b4 Bd6 21. Kg2 e4
22. dxe4 Bxg3 23. fxg3 h5 24. Bd5 Ne5 25. c4 Nxc4 26. Qd3 Ne5 27. Qb3 Rhe8 28.
Ra8 hxg4 29. h4 Nf3 30. Rd1 Bxe4 31. Be6+ Qxe6 32. Rxb8+ Kxb8 33. Rxd8+ Rxd8
34. Qxe6 Ng5+ 0-1